U.S. State Capitals Furthest from Their State's Center of Population - Statistics

General Stats
  • This quiz has been taken 56 times
  • The average score is 7 of 10
Answer Stats
Miles Capital % Correct
547 Juneau
93%
240 Tallahassee
93%
244 Sacramento
88%
245 Carson City
83%
124 Springfield
71%
92 Albany
69%
75 Pierre
64%
72 Bismarck
60%
77 Santa Fe
60%
155 Cheyenne
52%
No matching quizzes found
Score Distribution
Percent of People with Each Score
Percentile by Number Answered
Your Score History
You have not taken this quiz